[Event "7th American Continental (w)"]
[Site "Buenos Aires ARG"]
[Date "2014.03.29"]
[Round "9.7"]
[White "Sanchez Castillo, Sarai"]
[Black "Zepeda Cortez, Lorena"]
[Result "1-0"]
[WhiteElo "2226"]
[BlackElo "2196"]
[EventDate "2014.03.21"]
[PlyCount "99"]

1.e4 c5 2.Nf3 d6 3.Nc3 a6 4.a4 Nf6 5.e5 dxe5 6.Nxe5 e6 7.g3 Nbd7 8.Nc4 Nb6
9.b3 Nxc4 10.bxc4 Bd6 11.Bg2 O-O 12.Qe2 Qc7 13.Bb2 Nd7 14.f4 Nf6 15.O-O 
Bd7 16.Nd1 Be7 17.Be5 Qc8 18.Ne3 Bc6 19.Bh3 Qd7 20.a5 Ne8 21.Ng4 Rd8 22.d3
f5 23.Nf2 Bf6 24.Rae1 g6 25.Bxf6 Rxf6 26.Qe5 Qd4 27.c3 Qd6 28.Qxd6 Nxd6 
29.Re5 b6 30.Rb1 Rb8 31.Rxc5 bxc5 32.Rxb8+ Rf8 33.Rb6 Rc8 34.Bg2 Bxg2 35.
Kxg2 Ne8 36.Rxa6 Kf7 37.Rb6 Ra8 38.Rb5 Rc8 39.Rb7+ Kf6 40.a6 Ra8 41.a7 Nd6
42.Rc7 Nf7 43.d4 cxd4 44.cxd4 g5 45.c5 gxf4 46.gxf4 e5 47.fxe5+ Ke6 48.Nd3
Kd5 49.Rxf7 Kxd4 50.Rd7+ 1-0

[Event "7th American Continental (w)"]
[Site "Buenos Aires ARG"]
[Date "2014.03.29"]
[Round "9.8"]
[White "Gomez Camacho, Micaela"]
[Black "Carraro, Denise"]
[Result "1-0"]
[WhiteElo "1938"]
[BlackElo "2082"]
[EventDate "2014.03.21"]
[PlyCount "119"]

1.e4 e6 2.d4 d5 3.Nc3 Bb4 4.Ne2 dxe4 5.a3 Be7 6.Nxe4 Nf6 7.Nxf6+ Bxf6 8.
Be3 O-O 9.Qd2 b6 10.O-O-O Bb7 11.Ng3 g6 12.f3 Nd7 13.Ne4 Bg7 14.h4 f5 15.
Ng5 Qf6 16.Bb5 Rfd8 17.Bc4 Nf8 18.h5 h6 19.Nh3 g5 20.Nxg5 hxg5 21.Bxg5 Qf7
22.Bxd8 Rxd8 23.Qf4 Bd5 24.Bxd5 Rxd5 25.c4 Qf6 26.h6 Rxd4 27.Rxd4 Qxd4 28.
Qg5 Qxb2+ 29.Kd1 Qb3+ 30.Ke1 Qc3+ 31.Kf2 Qc2+ 32.Kg1 Qc3 33.Kf2 Qf6 34.
Qxg7+ Qxg7 35.hxg7 Kxg7 36.Rd1 Kf6 37.Rd8 Ke7 38.Ra8 a5 39.Rc8 c5 40.Rc6 
Nd7 41.f4 a4 42.Kg3 e5 43.Kf3 Kf7 44.g3 Ke7 45.Ke3 Kf7 46.Rc7 Ke6 47.Rxd7 
Kxd7 48.fxe5 Ke7 49.Kf3 Kf7 50.g4 fxg4+ 51.Kxg4 Ke6 52.Kf4 Kd7 53.Kf5 Ke7 
54.e6 b5 55.cxb5 c4 56.b6 c3 57.b7 c2 58.b8=Q c1=Q 59.Qb7+ Kd6 60.Qd7+ 1-0

[Event "7th American Continental (w)"]
[Site "Buenos Aires ARG"]
[Date "2014.03.29"]
[Round "9.9"]
[White "Zarate Oyague, Flor de Maria"]
[Black "Guzman, Paola"]
[Result "1-0"]
[WhiteElo "1863"]
[BlackElo "1902"]
[EventDate "2014.03.21"]
[PlyCount "85"]

1.d4 d5 2.c4 e6 3.Nc3 Be7 4.Nf3 c6 5.cxd5 exd5 6.Qc2 Na6 7.Bf4 Nf6 8.e3 
Nb4 9.Qd2 Ne4 10.Nxe4 dxe4 11.Ne5 f6 12.Nc4 b5 13.a3 bxc4 14.axb4 Qb6 15.
Qc2 Bxb4+ 16.Kd1 O-O 17.Bxc4+ Kh8 18.Ke2 f5 19.h4 a5 20.h5 h6 21.b3 Ba6 
22.Rhc1 Rad8 23.Bxa6 Qxa6+ 24.Qc4 Qxc4+ 25.Rxc4 c5 26.dxc5 Rd2+ 27.Kf1 
Rfd8 28.g4 fxg4 29.c6 Kg8 30.c7 Rc8 31.Rd4 Rxd4 32.exd4 Kf7 33.Rc1 Ke7 34.
Rc6 Kd7 35.Rb6 Rf8 36.Rb8 Rc8 37.Ke2 Be7 38.Ke3 Bb4 39.Kxe4 Be7 40.Kd5 Bg5
41.Rxc8 Kxc8 42.Bxg5 hxg5 43.Kc6 1-0

[Event "7th American Continental (w)"]
[Site "Buenos Aires ARG"]
[Date "2014.03.29"]
[Round "9.10"]
[White "Jorquera Cabello, Valentina"]
[Black "Nejanky, Maisa"]
[Result "0-1"]
[WhiteElo "2027"]
[BlackElo "2024"]
[EventDate "2014.03.21"]
[PlyCount "98"]

1.e4 c5 2.Nf3 d6 3.Bb5+ Bd7 4.Bxd7+ Qxd7 5.c4 Nc6 6.d4 cxd4 7.Nxd4 Nf6 8.
Nc3 g6 9.f3 Bg7 10.Nde2 O-O 11.O-O Rac8 12.b3 Nh5 13.Rb1 f5 14.exf5 Qxf5 
15.Kh1 Nf6 16.Be3 a6 17.Nd4 Nxd4 18.Bxd4 b5 19.g4 Qd7 20.cxb5 e5 21.Na4 
Rb8 22.Bb2 axb5 23.Nc3 b4 24.Nd5 Kh8 25.Nxf6 Bxf6 26.Qd5 Rb5 27.Qd3 Bg7 
28.a4 bxa3 29.Bxa3 Rd8 30.Rfc1 d5 31.Rc5 Rdb8 32.Rbc1 Rxb3 33.Qxb3 Rxb3 
34.Rc8+ Bf8 35.Bxf8 Rb1 36.Bd6+ Kg7 37.Bxe5+ Kf7 38.Rxb1 Qxc8 39.Rb2 Qc1+ 
40.Kg2 Qd1 41.f4 Qxg4+ 42.Kf2 Qd1 43.Ke3 Qc1+ 44.Kd3 Qc4+ 45.Ke3 Qe4+ 46.
Kd2 g5 47.Rb7+ Ke6 48.Rb6+ Kd7 49.Rf6 gxf4 0-1

[Event "7th American Continental (w)"]
[Site "Buenos Aires ARG"]
[Date "2014.03.29"]
[Round "9.12"]
[White "Vargas Talavera, Gabriela"]
[Black "Meza, Anahi"]
[Result "1-0"]
[WhiteElo "2143"]
[BlackElo "2078"]
[EventDate "2014.03.21"]
[PlyCount "55"]

1.d4 Nf6 2.Bg5 Ne4 3.Bf4 c5 4.f3 Qa5+ 5.c3 Nf6 6.Nd2 cxd4 7.Nb3 Qf5 8.Bxb8
Rxb8 9.Qxd4 b6 10.e4 Qg5 11.e5 Ng8 12.Nh3 Qh6 13.Rd1 Qc6 14.Ng5 f6 15.Ne4 
Nh6 16.exf6 gxf6 17.Qe3 Kf7 18.Qf4 e5 19.Bc4+ Ke7 20.Qh4 Nf5 21.Qh5 Qxc4 
22.Qxf5 Qe6 23.Qxe6+ Kxe6 24.c4 Bb4+ 25.Kf2 f5 26.Nc3 Ba6 27.Nd5 Be7 28.
Nc7+ 1-0